[Event "Heusenstamm Sparkassen Open"]
[Site "Heusenstamm"]
[Date "2017.11.25"]
[Round "5.3"]
[White "Bortnyk, Oleksandr"]
[Black "Pfreundt, Jakob"]
[Result "1-0"]
[WhiteElo "2600"]
[BlackElo "2391"]
[PlyCount "107"]
[EventDate "2017.??.??"]

1. d4 d5 2. Nc3 Nf6 3. Bf4 c5 4. e3 cxd4 5. exd4 a6 6. Nf3 Nc6 7. Ne5 Bd7 8. a3
Rc8 9. Be2 e6 10. O-O Be7 11. Re1 Qb6 12. Be3 Qc7 13. f4 Bd6 14. Bd3 Ne7 15.
Bf2 Kf8 16. Qf3 g6 17. Bh4 Ne8 18. Bg5 Ng7 19. Qh3 Be8 20. Ne2 Ng8 21. Bh4 Nf5
22. Bf2 h5 23. g4 Nfh6 24. g5 Nf5 25. Bxf5 exf5 26. c4 dxc4 27. d5 Ne7 28. Nc3
Bc5 29. Rad1 Rd8 30. Bxc5 Qxc5+ 31. Qe3 Qxe3+ 32. Rxe3 Nc8 33. Nxc4 Nd6 34. Nb6
Bd7 35. Rde1 Kg7 36. Re7 Bb5 37. Nxb5 axb5 38. Rc7 Nc4 39. Nd7 Nxb2 40. Re7
Rhe8 41. d6 Nc4 42. Rxe8 Rxe8 43. Nf6 Rd8 44. d7 Kf8 45. Nd5 Nd6 46. Kf2 Kg7
47. Ke3 f6 48. Nxf6 Kf7 49. Kd4 Ke6 50. Rc5 Nf7 51. Rxb5 Ra8 52. Rb6+ Ke7 53.
Nd5+ Kd8 54. Rf6 1-0

[Event "Heusenstamm Sparkassen Open"]
[Site "Heusenstamm"]
[Date "2017.11.25"]
[Round "5.4"]
[White "Stocek, Jiri"]
[Black "Winterberg, Lukas"]
[Result "1/2-1/2"]
[WhiteElo "2567"]
[BlackElo "2384"]
[PlyCount "127"]
[EventDate "2017.??.??"]

1. d4 Nf6 2. Nf3 e6 3. c4 d5 4. Nc3 Be7 5. Bg5 h6 6. Bxf6 Bxf6 7. e3 O-O 8. Qb3
c6 9. Rd1 Nd7 10. Bd3 Qc7 11. O-O Nb6 12. e4 dxc4 13. Bxc4 e5 14. dxe5 Bxe5 15.
Bxf7+ Kh7 16. Nxe5 Qxe5 17. Bc4 Bg4 18. Rd3 Qc5 19. Be6 Bxe6 20. Qxe6 Rf6 21.
Qh3 Nc4 22. Nd1 Qa5 23. a3 Raf8 24. b4 Qe5 25. Re1 Qa1 26. Rf1 Qe5 27. Nc3 Nxa3
28. Qg3 Qxg3 29. hxg3 Nc4 30. f4 R6f7 31. Ra1 a6 32. Na4 Re8 33. Rd4 Ne3 34.
Ra2 Rfe7 35. Nc3 Ng4 36. Kf1 h5 37. Ke2 Rf8 38. Ra5 g6 39. e5 Nh6 40. Ne4 Nf5
41. Rd3 Ng7 42. Ng5+ Kh6 43. Ra1 Rfe8 44. Kf3 Rf8 45. Re1 Ne8 46. g4 Nc7 47.
Rd6 Nb5 48. Rd2 Nc7 49. gxh5 Nd5 50. Re4 gxh5 51. g4 Ree8 52. Rh2 Nxf4 53. Rxf4
Kxg5 54. Rxh5+ Kg6 55. Rhf5 Rh8 56. Rf6+ Kg7 57. Rf7+ Kg8 58. Rxb7 Rxe5 59. Rf6
Rh3+ 60. Kf4 Rb5 61. Rbf7 Rb3 62. Rf8+ Kg7 63. R8f7+ Kg8 64. Rf8+ 1/2-1/2

[Event "Heusenstamm Sparkassen Open"]
[Site "Heusenstamm"]
[Date "2017.11.25"]
[Round "5.5"]
[White "Kramer, Julian"]
[Black "Nikolov, Momchil"]
[Result "1/2-1/2"]
[WhiteElo "2356"]
[BlackElo "2561"]
[PlyCount "150"]
[EventDate "2017.??.??"]

1. e4 c5 2. Nf3 Nc6 3. Bb5 e6 4. O-O Nge7 5. Re1 a6 6. Bf1 b5 7. b3 d5 8. exd5
Nxd5 9. Bb2 Nf6 10. c4 bxc4 11. Bxc4 Be7 12. d4 cxd4 13. Nxd4 Nxd4 14. Qxd4 O-O
15. Qxd8 Rxd8 16. Nc3 Bb7 17. Rad1 Kf8 18. Rxd8+ Rxd8 19. Rd1 Rxd1+ 20. Nxd1
Bc5 21. Bc1 Ke7 22. Kf1 a5 23. Bd2 Bb4 24. Bxb4+ axb4 25. f3 Nd7 26. Ne3 Kd6
27. Nc2 Kc5 28. Kf2 h6 29. Be2 Nb6 30. h4 Nd5 31. a3 bxa3 32. Nxa3 Bc6 33. Nc2
Nb4 34. Nxb4 Kxb4 35. f4 Kxb3 36. g3 Kb4 37. Ke3 Kc5 38. Bd1 f6 39. Be2 Kd6 40.
Bd1 e5 41. fxe5+ fxe5 42. Bh5 Ke6 43. Bg4+ Kf6 44. Bh3 Bd5 45. Bf1 Be6 46. Bg2
Bf5 47. Bf3 g5 48. hxg5+ Kxg5 49. Be2 Bg4 50. Bb5 Bd1 51. Kd2 Bf3 52. Ke3 Bd1
53. Kd2 Bb3 54. Bd7 Bf7 55. Ke3 Bg6 56. Bh3 Bf5 57. Bf1 Kg4 58. Kf2 Be4 59.
Be2+ Kh3 60. Bf1+ Kh2 61. Be2 Bf5 62. Bd1 Bg6 63. Be2 e4 64. Bd1 Bf5 65. Be2
Bd7 66. Bd1 Kh3 67. Be2 Bg4 68. Bf1+ Kh2 69. Bb5 Bh5 70. Bc4 Bd1 71. Bf7 Bg4
72. Bg6 e3+ 73. Kxe3 Kxg3 74. Bf7 h5 75. Bxh5 Bxh5 1/2-1/2

[Event "Heusenstamm Sparkassen Open"]
[Site "Heusenstamm"]
[Date "2017.11.25"]
[Round "5.6"]
[White "Solonar, Stefan"]
[Black "Kantans, Toms"]
[Result "0-1"]
[WhiteElo "2315"]
[BlackElo "2509"]
[PlyCount "64"]
[EventDate "2017.??.??"]

1. Nf3 Nf6 2. c4 c5 3. d4 cxd4 4. Nxd4 e5 5. Nb5 d5 6. cxd5 Bc5 7. N5c3 O-O 8.
e3 e4 9. Be2 Re8 10. Nd2 Bf5 11. Qb3 Nbd7 12. O-O a6 13. a4 Qc7 14. Nc4 Ne5 15.
Rd1 Nxc4 16. Qxc4 Qd6 17. b4 Bxb4 18. Rb1 Ba5 19. Rb3 Rac8 20. Qd4 Ng4 21. g3
Bd8 22. Kg2 Bf6 23. Qd2 Ne5 24. Bb2 Qd7 25. Rb4 Bh3+ 26. Kh1 Ng4 27. Bf1 Rxc3
28. Bxc3 Bxc3 29. Qxc3 Nxf2+ 30. Kg1 Nxd1 31. Bxh3 Qxd5 32. Qe1 Qd3 0-1

[Event "Heusenstamm Sparkassen Open"]
[Site "Heusenstamm"]
[Date "2017.11.25"]
[Round "5.7"]
[White "Enchev, Ivajlo"]
[Black "Schnepp, Gunnar"]
[Result "1-0"]
[WhiteElo "2490"]
[BlackElo "2349"]
[PlyCount "115"]
[EventDate "2017.??.??"]

1. d4 Nf6 2. c4 c5 3. d5 b5 4. cxb5 a6 5. b6 d6 6. Nc3 Nbd7 7. e4 g6 8. a4 Qxb6
9. a5 Qb8 10. Nf3 Bg7 11. Be2 O-O 12. O-O h6 13. Ra2 Ne8 14. Be3 Nc7 15. Qd2
Kh7 16. Bc4 Ra7 17. b3 Rb7 18. Qc2 Nf6 19. h3 e6 20. dxe6 Bxe6 21. e5 Nfd5 22.
exd6 Nxc3 23. dxc7 Qxc7 24. Ra3 Bf5 25. Qc1 Rd8 26. Re1 Bd3 27. Bf4 Qc8 28. Qe3
Bxc4 29. bxc4 Nd1 30. Qe2 Nc3 31. Qc2 Qf5 32. Qxf5 gxf5 33. Nh4 Rd4 34. g3 Re4
35. Be3 f4 36. gxf4 Rxc4 37. Nf5 Bf8 38. Kg2 Nd5 39. Kf3 Rbb4 40. Ng3 Bg7 41.
Rd1 Nxe3 42. fxe3 Ra4 43. Rad3 Rc3 44. Rxc3 Bxc3 45. Rd7 Kg7 46. Nf5+ Kg6 47.
Ne7+ Kg7 48. Nf5+ Kg6 49. Nd6 Rxa5 50. f5+ Kh5 51. Rxf7 Ra1 52. Ne4 Be5 53.
Nxc5 Rh1 54. Nd3 Rxh3+ 55. Ke4 Bh2 56. Rg7 a5 57. f6 Rh4+ 58. Nf4+ 1-0

[Event "Heusenstamm Sparkassen Open"]
[Site "Heusenstamm"]
[Date "2017.11.25"]
[Round "5.8"]
[White "Biriukov, Nikolai"]
[Black "Legde, Georg"]
[Result "0-1"]
[WhiteElo "2393"]
[BlackElo "2306"]
[PlyCount "50"]
[EventDate "2017.??.??"]

1. Nf3 Nf6 2. c4 e6 3. Nc3 Bb4 4. Qc2 O-O 5. a3 Bxc3 6. dxc3 d6 7. Bg5 Nbd7 8.
e3 h6 9. Bh4 b6 10. Nd2 Bb7 11. f3 Ne5 12. Be2 Ng6 13. Bf2 e5 14. O-O-O Re8 15.
g4 e4 16. Rhg1 exf3 17. Bd3 Qe7 18. g5 hxg5 19. Rxg5 Ne4 20. Nxe4 Bxe4 21. Rdg1
Bxd3 22. Qxd3 Qe4 23. Qd4 c5 24. Qd1 Rad8 25. h4 Ne5 0-1

[Event "Heusenstamm Sparkassen Open"]
[Site "Heusenstamm"]
[Date "2017.11.25"]
[Round "5.9"]
[White "Kollars, Dmitrij"]
[Black "Dunsbach, Ralf"]
[Result "1-0"]
[WhiteElo "2500"]
[BlackElo "2209"]
[PlyCount "83"]
[EventDate "2017.??.??"]

1. e4 e5 2. Nf3 Nc6 3. Bc4 Nf6 4. d3 Be7 5. O-O O-O 6. Re1 d6 7. a4 Na5 8. Ba2
c5 9. c3 Nc6 10. Na3 Be6 11. Bxe6 fxe6 12. Nc4 Rb8 13. Bd2 a5 14. Ng5 Qd7 15.
Nb6 Qc7 16. Qb3 Nd8 17. Nxe6 Nxe6 18. Qxe6+ Kh8 19. Nc4 b6 20. Bg5 Rbd8 21. Ne3
Qd7 22. Qxd7 Rxd7 23. Bxf6 Bxf6 24. Ra3 Rb8 25. Rb3 Rdb7 26. Nc4 Be7 27. Rb5
Kg8 28. Ra1 Kf7 29. Ra3 Ke6 30. Rab3 Bd8 31. Kf1 Kd7 32. Nxa5 Ra7 33. Ke2 Bc7
34. Nc4 Rxa4 35. Nxb6+ Bxb6 36. Rxb6 Rxb6 37. Rxb6 Kc7 38. Rb3 Ra2 39. Ke3 Ra1
40. Ra3 Re1+ 41. Kd2 Rf1 42. Ke2 1-0

[Event "Heusenstamm Sparkassen Open"]
[Site "Heusenstamm"]
[Date "2017.11.25"]
[Round "5.10"]
[White "Henrich, Thomas"]
[Black "Pap, Misa"]
[Result "0-1"]
[WhiteElo "2216"]
[BlackElo "2494"]
[PlyCount "92"]
[EventDate "2017.??.??"]

1. e4 c5 2. Nf3 Nc6 3. d4 cxd4 4. Nxd4 Qb6 5. Nb3 Nf6 6. Nc3 e6 7. Bd3 a6 8.
Qe2 d6 9. Bg5 Be7 10. O-O-O h6 11. Bh4 g5 12. Bg3 Qc7 13. Kb1 b5 14. Bxb5 axb5
15. Nxb5 Qb6 16. Nxd6+ Kf8 17. Nxc8 Rxc8 18. h4 Kg7 19. hxg5 hxg5 20. f4 Rxh1
21. Rxh1 gxf4 22. Bxf4 Rh8 23. Rf1 Rh7 24. Bg5 Ne5 25. a3 Qb7 26. Nc5 Qc6 27.
Nd3 Nxd3 28. Qxd3 Ng8 29. Bd2 Qc7 30. e5 Kh8 31. Qe4 Bf8 32. g4 Bg7 33. Bc3 Bf8
34. Qa8 Be7 35. a4 Qc4 36. Rg1 Kg7 37. a5 Rh8 38. g5 Bc5 39. Rd1 Ne7 40. Qf3
Nd5 41. Bd2 Rb8 42. Rf1 Rb7 43. Qh3 Qd4 44. b3 Qxd2 45. Qh6+ Kg8 46. Rh1 Rxb3+
0-1

[Event "Heusenstamm Sparkassen Open"]
[Site "Heusenstamm"]
[Date "2017.11.25"]
[Round "5.11"]
[White "Wolf, Ulrich Martin"]
[Black "Noe, Christopher"]
[Result "0-1"]
[WhiteElo "2189"]
[BlackElo "2463"]
[PlyCount "110"]
[EventDate "2017.??.??"]

1. d4 Nf6 2. Nf3 c5 3. d5 b5 4. Bg5 Qa5+ 5. c3 Bb7 6. Bxf6 gxf6 7. e4 e6 8. a4
b4 9. c4 Qc7 10. Nbd2 Bd6 11. Qc2 Na6 12. g3 O-O-O 13. O-O-O Bf8 14. Nh4 Bg7
15. f4 f5 16. exf5 b3 17. Qxb3 Nb4 18. Ne4 exd5 19. cxd5 Rhe8 20. f6 Bh6 21.
Bg2 Bxf4+ 22. Kb1 Rxe4 23. Bxe4 Be5 24. Rhe1 d6 25. Nf5 Bxf6 26. Ne3 a5 27.
Bxh7 Kb8 28. Be4 Ka7 29. Nc4 Ba6 30. Rd2 Rb8 31. Rc1 Bg5 32. Rcd1 Bxd2 33. Nxd2
Nd3 34. Qxd3 Bxd3+ 35. Bxd3 Rb4 36. b3 Rd4 37. Nc4 Rxd5 38. Na3 Qe7 39. Kc2 Rh5
40. Rd2 d5 41. Nb5+ Kb8 42. Nc3 Re5 43. Rf2 c4 44. bxc4 d4 45. Nb5 Qb4 46. Nxd4
Qxa4+ 47. Kb2 Rd5 48. Rf4 Rd6 49. Be2 Qb4+ 50. Kc2 a4 51. h4 a3 52. Nb3 Qe1 53.
Re4 Re6 54. Rxe6 fxe6 55. Nc1 a2 0-1

[Event "Heusenstamm Sparkassen Open"]
[Site "Heusenstamm"]
[Date "2017.11.25"]
[Round "5.12"]
[White "Karthik, Venkataraman"]
[Black "Hilzinger, Markus"]
[Result "1/2-1/2"]
[WhiteElo "2466"]
[BlackElo "2134"]
[PlyCount "44"]
[EventDate "2017.??.??"]

1. d4 Nf6 2. c4 g6 3. Nc3 Bg7 4. e4 d6 5. Be2 O-O 6. Nf3 e5 7. d5 Na6 8. Nd2 c6
9. O-O Ne8 10. Rb1 f5 11. b4 cxd5 12. cxd5 Nf6 13. Ba3 f4 14. b5 Nc5 15. Bxc5
dxc5 16. Nc4 Ne8 17. d6 Be6 18. b6 f3 19. gxf3 Bh6 20. Kh1 Bf4 21. Nd5 Bxh2 22.
Kxh2 Qh4+ 1/2-1/2

[Event "Heusenstamm Sparkassen Open"]
[Site "Heusenstamm"]
[Date "2017.11.25"]
[Round "5.13"]
[White "Colpe, Malte"]
[Black "Chandler, Patrick"]
[Result "1-0"]
[WhiteElo "2404"]
[BlackElo "2185"]
[PlyCount "69"]
[EventDate "2017.??.??"]

1. d4 Nf6 2. c4 e6 3. Nf3 b6 4. g3 Bb7 5. Bg2 d6 6. O-O Nbd7 7. Nc3 Ne4 8. Bd2
Be7 9. Nxe4 Bxe4 10. Bc3 Bf6 11. Qd2 O-O 12. Qf4 Bxf3 13. Qxf3 Rb8 14. Rfd1 Re8
15. Qc6 Re7 16. f4 Nf8 17. e4 g6 18. b4 Bg7 19. a4 Rd7 20. a5 d5 21. e5 dxc4
22. Qxc4 c5 23. bxc5 bxc5 24. Bc6 Rc7 25. d5 Qc8 26. a6 exd5 27. Bxd5 Ne6 28.
Rab1 Rb4 29. Bxb4 cxb4 30. Bxe6 fxe6 31. Qd3 Bf8 32. Qd8 Kg7 33. Qxc8 Rxc8 34.
Rd7+ Kh6 35. Kg2 1-0

[Event "Heusenstamm Sparkassen Open"]
[Site "Heusenstamm"]
[Date "2017.11.25"]
[Round "5.14"]
[White "Gutman, Lev"]
[Black "Guelsen, Taylan"]
[Result "1-0"]
[WhiteElo "2410"]
[BlackElo "2171"]
[PlyCount "267"]
[EventDate "2017.??.??"]

1. Nf3 d5 2. g3 Nf6 3. Bg2 e6 4. O-O Be7 5. c4 O-O 6. b3 c5 7. Bb2 Nc6 8. e3 b6
9. Qe2 Bb7 10. d3 Re8 11. Nbd2 Qd7 12. a3 Rad8 13. Rfd1 Qc8 14. b4 cxb4 15.
axb4 Bxb4 16. Bxf6 gxf6 17. cxd5 Rxd5 18. Nh4 Rd7 19. Rdc1 f5 20. Rc4 Be7 21.
Rac1 Rc7 22. Qh5 b5 23. R4c2 Qd7 24. Ndf3 f6 25. Nd4 Ba3 26. Rxc6 Rxc6 27. Bxc6
Rc8 28. Rc3 Bxc6 29. Nxc6 Bf8 30. Qf3 b4 31. Rc4 b3 32. Qd1 Rxc6 33. Qxb3 Rxc4
34. Qxc4 a5 35. Nxf5 Kh8 36. Nd4 e5 37. Nc6 a4 38. Qxa4 Qxd3 39. Na5 Kg7 40.
Qg4+ Kh8 41. Qc4 Qd7 42. Qe4 h6 43. Nc4 Bg7 44. g4 h5 45. h3 hxg4 46. hxg4 Kg8
47. Nb6 Qc7 48. Nd5 Qd7 49. Kg2 Kh8 50. Nc3 Qc8 51. Ne2 Qd7 52. Ng3 Kg8 53. Nf5
Kh8 54. Ng3 Kg8 55. Nh5 Qf7 56. Qf5 Qd5+ 57. Kh2 Qf7 58. Ng3 Bh8 59. Kg2 Bg7
60. Ne4 Bh8 61. Kg3 Bg7 62. Nc5 Qc7 63. Qe6+ Qf7 64. Qc6 Kh7 65. Ne4 Kg8 66.
Kf3 Qe7 67. Ng3 Qf7 68. Nf5 Kh7 69. Nd6 Qe7 70. Nf5 Qf7 71. Ke4 Qa7 72. Qd5 Qc7
73. Kf3 Qa7 74. Qe4 Kg8 75. Nd6 Qc5 76. Qc4+ Qxc4 77. Nxc4 Kf7 78. Nd6+ Ke6 79.
Nf5 Bf8 80. Ke4 Bb4 81. f3 Be1 82. Kd3 Bb4 83. Ng7+ Kf7 84. Nh5 Ke6 85. Ng3 Be7
86. Nf5 Bb4 87. Kc4 Bd2 88. Kc5 Bc1 89. Kc6 Bd2 90. e4 Ba5 91. Ne3 Bd2 92. Nd5
Ba5 93. Nc7+ Ke7 94. Na6 Kf7 95. Nc5 Kg6 96. Ne6 Bb4 97. Kd5 Ba5 98. g5 Be1 99.
gxf6 Kxf6 100. Nc5 Bg3 101. Nd7+ Kg5 102. Nxe5 Kf4 103. Ke6 Bh2 104. Kd6 Bg3
105. Kd5 Bh2 106. Ng4 Bg3 107. e5 Kxf3 108. e6 Bh4 109. Ne5+ Ke3 110. Nc4+ Kf4
111. Kd6 Kf5 112. Kd7 Kg6 113. Ne3 Bg5 114. Nd5 Kg7 115. Ke8 Kg8 116. Nc3 Bf6
117. Ne4 Bh4 118. Nd6 Bf6 119. Nf7 Bb2 120. Nh6+ Kg7 121. Nf5+ Kg8 122. Ke7 Bc3
123. Nd6 Be1 124. Nf5 Bc3 125. Ne3 Bb4+ 126. Ke8 Bd2 127. Kd7 Bb4 128. Nd5 Ba3
129. Ne7+ Kf8 130. Nf5 Bb4 131. Ne3 Ba3 132. Nf5 Bb4 133. Nd6 Bxd6 134. Kxd6
1-0

[Event "Heusenstamm Sparkassen Open"]
[Site "Heusenstamm"]
[Date "2017.11.25"]
[Round "5.15"]
[White "Carlstedt, Jonathan"]
[Black "Dietze, Frank"]
[Result "1-0"]
[WhiteElo "2403"]
[BlackElo "2154"]
[PlyCount "41"]
[EventDate "2017.??.??"]

1. d4 Nf6 2. Bg5 Ne4 3. h4 d5 4. e3 h6 5. Bf4 e6 6. Bd3 Nf6 7. Nd2 Bd6 8. Ne2
Nbd7 9. Nf3 Bxf4 10. Nxf4 c5 11. c3 Qb6 12. Qe2 Qd6 13. Rd1 c4 14. Bb1 b5 15.
g4 Bb7 16. g5 hxg5 17. Nxg5 Nb6 18. Rg1 Rxh4 19. Nf3 Rh8 20. Rxg7 Nbd7 21. Ng5
1-0

[Event "Heusenstamm Sparkassen Open"]
[Site "Heusenstamm"]
[Date "2017.11.25"]
[Round "5.16"]
[White "Liard, Thibaud"]
[Black "Thinius, Marco"]
[Result "0-1"]
[WhiteElo "2169"]
[BlackElo "2375"]
[PlyCount "78"]
[EventDate "2017.??.??"]

1. d4 Nf6 2. c4 g6 3. Nc3 d5 4. cxd5 Nxd5 5. Bd2 Bg7 6. e4 Nxc3 7. Bxc3 O-O 8.
Nf3 Bg4 9. Be2 c5 10. d5 Bxc3+ 11. bxc3 Bxf3 12. Bxf3 Qd6 13. Rb1 b6 14. h4 Nd7
15. Qd2 f5 16. h5 Qf6 17. hxg6 hxg6 18. exf5 Qxf5 19. O-O Ne5 20. Be2 g5 21. c4
Rad8 22. Rb3 Rd6 23. Rg3 Rg6 24. Bd3 Nxd3 25. Rxd3 Qf4 26. Qc2 Rh6 27. Rh3 Rff6
28. Qd3 Rxh3 29. gxh3 Kf7 30. Qe2 Qf3 31. Qe3 g4 32. h4 Qxe3 33. fxe3 Rxf1+ 34.
Kxf1 b5 35. cxb5 c4 36. a4 c3 37. Ke2 c2 38. Kd2 c1=Q+ 39. Kxc1 g3 0-1

[Event "Sparkassen-Open A"]
[Site "Heusenstamm, Martinsee"]
[Date "2017.11.25"]
[Round "5.17"]
[White "Jahncke, Giso"]
[Black "Schlößner, Henrik"]
[Result "1-0"]
[WhiteElo "2352"]
[BlackElo "2059"]
[PlyCount "55"]
[EventDate "2017.??.??"]
[WhiteTeam "FC ST.Pauli"]
[BlackTeam "SK Gründau"]

1. Nf3 Nf6 2. c4 g6 3. Nc3 Bg7 4. e4 d6 5. d4 O-O 6. Be2 Nbd7 7. O-O e5 8. Be3
h6 9. h3 c6 10. d5 Qe7 11. b4 Ne8 12. Qd2 Kh7 13. Ne1 f5 14. exf5 gxf5 15. f4
Ndf6 16. fxe5 Qxe5 17. Nf3 Qe7 18. Rae1 Ne4 19. Nxe4 fxe4 20. Nd4 cxd5 21. cxd5
Nf6 22. Nf5 Bxf5 23. Rxf5 a6 24. Ref1 Rac8 25. Bd4 Nd7 26. Bg4 Rxf5 27. Bxf5+
Kh8 28. Qxh6+ 1-0

[Event "Sparkassen-Open A"]
[Site "Heusenstamm, Martinsee"]
[Date "2017.11.25"]
[Round "5.18"]
[White "Meyner, Hannes"]
[Black "Berg, Klaus"]
[Result "1-0"]
[WhiteElo "2159"]
[BlackElo "2340"]
[PlyCount "83"]
[EventDate "2017.??.??"]
[WhiteTeam "TG Wehlheiden"]
[BlackTeam "SG Turm Kiel"]

1. d4 Nf6 2. c4 c5 3. d5 b5 4. cxb5 a6 5. bxa6 g6 6. Nc3 Bg7 7. a7 Rxa7 8. e4
O-O 9. Nf3 d6 10. Be2 Qb6 11. O-O Ba6 12. Nd2 Bxe2 13. Qxe2 Qa6 14. Nb5 Rb7 15.
a4 Ne8 16. Re1 Nd7 17. Ra3 Nc7 18. Nxc7 Qxe2 19. Rxe2 Rxc7 20. Nc4 Ne5 21. Nxe5
Bxe5 22. b3 Rb8 23. f4 Bd4+ 24. Be3 Bxe3+ 25. Rxe3 Rb4 26. Kf2 f5 27. Kf3 Rd4
28. a5 Ra7 29. a6 Kf7 30. g4 Rb4 31. Re2 Rb6 32. Rea2 Rb4 33. exf5 gxf5 34.
gxf5 Kf6 35. Rg2 Rb6 36. Kg4 Raxa6 37. Rxa6 Rxa6 38. Re2 Ra1 39. Re6+ Kf7 40.
f6 exf6 41. Kf5 Ra6 42. Rxf6+ 1-0

[Event "Sparkassen-Open A"]
[Site "Heusenstamm, Martinsee"]
[Date "2017.11.25"]
[Round "5.19"]
[White "Stork, Oliver"]
[Black "Euler, Gerd"]
[Result "0-1"]
[WhiteElo "2156"]
[BlackElo "2315"]
[PlyCount "82"]
[EventDate "2017.??.??"]
[WhiteTeam "SV Oberursel"]
[BlackTeam "SSG Hungen-Lich"]

1. c4 f5 2. g3 Nf6 3. Bg2 g6 4. Nc3 Bg7 5. d3 O-O 6. e4 d6 7. Nge2 Nc6 8. O-O
fxe4 9. dxe4 Be6 10. Nd5 Bf7 11. Rb1 Nd7 12. b3 e6 13. Ndc3 e5 14. Be3 h6 15.
Qd2 Kh7 16. Nd5 Be6 17. b4 Nf6 18. h3 Qd7 19. Kh2 Nh5 20. c5 Rf7 21. b5 Nd8 22.
Rfc1 dxc5 23. Rxc5 c6 24. bxc6 bxc6 25. Ndc3 Qxd2 26. Bxd2 Rxf2 27. g4 Bf8 28.
Ra5 Ng7 29. Be1 Rf7 30. Bg3 c5 31. Nd5 Nc6 32. Ra6 Rc8 33. Nc1 Bd6 34. Nb3 Ne8
35. Rc1 Nb4 36. Nxb4 cxb4 37. Rd1 Rd7 38. Kh1 Rc2 39. Rd2 Bxb3 40. Rdxd6 Nxd6
41. axb3 Nxe4 0-1

[Event "Sparkassen-Open A"]
[Site "Heusenstamm, Martinsee"]
[Date "2017.11.25"]
[Round "5.20"]
[White "Browning, Alex"]
[Black "Khanukov, Boris"]
[Result "1-0"]
[WhiteElo "2095"]
[BlackElo "2289"]
[PlyCount "91"]
[EventDate "2017.??.??"]
[WhiteTeam "MS Halver-Schalksmühle"]
[BlackTeam "Bahn-SC Wuppertal"]

1. e4 c5 2. Nf3 Nc6 3. c3 Nf6 4. e5 Nd5 5. d4 cxd4 6. cxd4 d6 7. Bc4 Nb6 8. Bb3
d5 9. Nh4 e6 10. Nf3 Be7 11. O-O Bd7 12. Nc3 O-O 13. Bc2 f5 14. exf6 Bxf6 15.
Re1 Nc4 16. b3 Nb6 17. Ne5 Bxe5 18. dxe5 Qh4 19. f4 Nb4 20. Bb1 Rac8 21. Ne2
Rf7 22. Nd4 Nc6 23. Nf3 Qh5 24. Ng5 Qxd1 25. Bxh7+ Kf8 26. Rxd1 Ne7 27. Nxf7
Kxf7 28. Bd3 g6 29. Bb2 Rh8 30. Rac1 Bc6 31. g4 Rh4 32. Be2 Nd7 33. Bd4 a6 34.
Kg2 g5 35. Kg3 Ng6 36. fxg5 Rh8 37. Bd3 Ngxe5 38. Rf1+ Ke7 39. h4 Rg8 40. Bh7
Re8 41. g6 Nd3 42. Rcd1 e5 43. Rxd3 Bb5 44. Rf7+ Ke6 45. Re3 e4 46. Rxd7 1-0

[Event "Sparkassen-Open A"]
[Site "Heusenstamm, Martinsee"]
[Date "2017.11.25"]
[Round "5.21"]
[White "Held, Carsten"]
[Black "Schmitzer, Klaus"]
[Result "1/2-1/2"]
[WhiteElo "2070"]
[BlackElo "2242"]
[PlyCount "81"]
[EventDate "2017.??.??"]
[WhiteTeam "SC Ladja Roßdorf"]
[BlackTeam "Bad Vilbeler Sfr"]

1. Nf3 e6 2. c4 b6 3. g3 Bb7 4. Bg2 f5 5. O-O Nf6 6. Nc3 Be7 7. d4 O-O 8. b3 a5
9. a4 Na6 10. Ne5 Bxg2 11. Kxg2 Nb4 12. Nd3 Qc8 13. Bg5 Qb7+ 14. Kg1 h6 15.
Bxf6 Bxf6 16. e3 Kh7 17. Rc1 Rad8 18. Nxb4 axb4 19. Na2 Be7 20. Rc2 c5 21. Qe2
d5 22. Rd1 Rd7 23. Nc1 Rfd8 24. dxc5 bxc5 25. Nd3 dxc4 26. Rxc4 Rd5 27. e4 R5d7
28. exf5 exf5 29. Nb2 Bf8 30. Rcc1 Rd4 31. Rxd4 cxd4 32. Nd3 Qd5 33. Rc4 Ra8
34. Nf4 Qd7 35. Qe6 Rd8 36. Qg6+ Kh8 37. Nd3 Qd5 38. Qh5 Ra8 39. Nf4 Qe4 40.
Qd1 Rd8 41. Nd3 1/2-1/2

[Event "Sparkassen-Open A"]
[Site "Heusenstamm, Martinsee"]
[Date "2017.11.25"]
[Round "5.22"]
[White "Lisanti, Andre"]
[Black "Hentzgen, Thomas"]
[Result "1-0"]
[WhiteElo "2249"]
[BlackElo "2037"]
[PlyCount "97"]
[EventDate "2017.??.??"]
[WhiteTeam "TSV Schott Mainz"]
[BlackTeam "USV Halle"]

1. d4 Nf6 2. c4 g6 3. Nc3 Bg7 4. e4 d6 5. Be2 O-O 6. Bg5 c5 7. d5 e6 8. g4 exd5
9. exd5 Re8 10. h3 a6 11. a4 Qa5 12. Kf1 Nbd7 13. Qc2 Nf8 14. Ra3 Rb8 15. Nf3
Qc7 16. Nd2 N8d7 17. Bf4 Rf8 18. Kg2 Ne8 19. Bg3 b6 20. Nce4 Ndf6 21. Ng5 b5
22. axb5 axb5 23. Rd1 bxc4 24. Nxc4 h6 25. Nf3 Bb7 26. Ra7 Qd8 27. Ne3 Ba8 28.
Bc4 Nc7 29. b3 Nfe8 30. Qd3 Rb7 31. Ra2 Rb8 32. Ra7 Rb7 33. Ra2 Rb8 34. Kh2 Bf6
35. Ra7 Rb7 36. Ra2 Rb8 37. Nd2 Bb7 38. Ra7 Bc8 39. Ne4 Rb7 40. Nxf6+ Qxf6 41.
Ra2 Bd7 42. Ra5 Ng7 43. Nf1 Rfb8 44. Nd2 Nce8 45. Ne4 Qe7 46. Qe3 Kh7 47. Nxd6
Bxg4 48. hxg4 Nxd6 49. Qxe7 1-0

[Event "Sparkassen-Open A"]
[Site "Heusenstamm, Martinsee"]
[Date "2017.11.25"]
[Round "5.23"]
[White "Haag, Martin"]
[Black "Held, Maurice"]
[Result "1-0"]
[WhiteElo "2243"]
[BlackElo "1870"]
[PlyCount "53"]
[EventDate "2017.??.??"]
[WhiteTeam "SC Bonn Beuel"]
[BlackTeam "SC Ladja Roßdorf"]

1. c4 c5 2. Nf3 g6 3. e4 Bg7 4. d4 cxd4 5. Nxd4 Nc6 6. Be3 Nf6 7. Nc3 Ng4 8.
Qxg4 Nxd4 9. Qd1 Ne6 10. Rc1 O-O 11. Be2 d6 12. b4 Bd7 13. O-O a5 14. a3 axb4
15. axb4 Ra3 16. Qd2 Bc6 17. Nd5 Qd7 18. Rfd1 Bxd5 19. exd5 Nc7 20. Bd4 Rfa8
21. Bxg7 Kxg7 22. c5 dxc5 23. bxc5 Ra2 24. Qc3+ Kg8 25. Bc4 Qf5 26. Bxa2 Rxa2
27. Qf3 1-0

[Event "Sparkassen-Open A"]
[Site "Heusenstamm, Martinsee"]
[Date "2017.11.25"]
[Round "5.24"]
[White "Von Auer, Ulrich"]
[Black "Kersten, Uwe"]
[Result "0-1"]
[WhiteElo "2055"]
[BlackElo "2234"]
[PlyCount "68"]
[EventDate "2017.??.??"]
[WhiteTeam "SF Frankfurt"]
[BlackTeam "Kasseler SK"]

1. d4 Nf6 2. c4 c5 3. d5 b5 4. Qc2 bxc4 5. e4 e6 6. Bxc4 exd5 7. exd5 d6 8. Nc3
Be7 9. Nge2 O-O 10. O-O Nbd7 11. Ng3 Nb6 12. Qd3 Nxc4 13. Qxc4 Rb8 14. b3 Qa5
15. Re1 Ba6 16. Qf4 Nxd5 17. Qd2 Qxc3 18. Qxc3 Nxc3 19. Rxe7 Rfe8 20. Rxe8+
Rxe8 21. Bd2 Nd5 22. f3 Kf8 23. Rd1 Bb7 24. Ne4 Ke7 25. Kf2 Kd7 26. Nc3 Nxc3
27. Bxc3 g6 28. Re1 Ra8 29. Bf6 Bd5 30. Rb1 a5 31. Bc3 a4 32. Rb2 Rb8 33. b4 a3
34. Rd2 cxb4 0-1

[Event "Sparkassen-Open A"]
[Site "Heusenstamm, Martinsee"]
[Date "2017.11.25"]
[Round "5.25"]
[White "Edel, Thomas"]
[Black "Milov, Leonid"]
[Result "0-1"]
[WhiteElo "2104"]
[BlackElo "2453"]
[PlyCount "40"]
[EventDate "2017.??.??"]
[WhiteTeam "SF Hannover"]
[BlackTeam "SC Noris-Tarrasch Nürnberg"]

1. d4 f5 2. Nf3 Nf6 3. c4 d6 4. g3 g6 5. Bg2 Bg7 6. b3 O-O 7. Bb2 a5 8. a3 Ne4
9. Nbd2 Nc6 10. O-O e5 11. dxe5 Nc5 12. Qc2 dxe5 13. Rfd1 Qe7 14. e3 f4 15. Ne1
fxe3 16. fxe3 Bf5 17. e4 Bg4 18. Ndf3 Nd4 19. Bxd4 exd4 20. Rxd4 Bxf3 0-1

[Event "Sparkassen-Open A"]
[Site "Heusenstamm, Martinsee"]
[Date "2017.11.25"]
[Round "5.26"]
[White "Lagunow, Raphael"]
[Black "Neininger, Ralph"]
[Result "1-0"]
[WhiteElo "2385"]
[BlackElo "2069"]
[PlyCount "137"]
[EventDate "2017.??.??"]
[WhiteTeam "SK Zehlendorf"]
[BlackTeam "Frankfurter TV"]

1. Nf3 d5 2. g3 c5 3. Bg2 Nc6 4. d4 Nf6 5. O-O cxd4 6. Nxd4 e6 7. c4 Bc5 8. Nb3
Be7 9. cxd5 Nxd5 10. a3 O-O 11. e4 Nb6 12. Qe2 Qc7 13. Nc3 Ne5 14. Bf4 Bf6 15.
Rfd1 Qc4 16. Qc2 Bd7 17. Rac1 Rac8 18. Bf1 Qc7 19. Qe2 Qb8 20. Be3 Rfd8 21. Bd4
Be8 22. f4 Ned7 23. e5 Be7 24. Qf2 Nf8 25. Bxb6 axb6 26. Qxb6 Rxd1 27. Rxd1 Bc6
28. Bg2 Nd7 29. Qe3 Nc5 30. Nxc5 Bxc5 31. Qxc5 Bxg2 32. Qd6 Bc6 33. Qxb8 Rxb8
34. Kf2 Kf8 35. Ke3 Ke7 36. Kd4 f6 37. Rd3 Rd8+ 38. Ke3 Rf8 39. exf6+ gxf6 40.
b4 Rc8 41. Nd1 h5 42. Rc3 Rg8 43. Nf2 Kd6 44. Rc5 Bd5 45. Ne4+ Bxe4 46. Kxe4 h4
47. gxh4 Rg2 48. Kf3 Rxh2 49. Kg3 Rh1 50. Rc2 Rg1+ 51. Rg2 Ra1 52. h5 Rxa3+ 53.
Kh4 Ra1 54. Rh2 Ke7 55. Kg4 Kf7 56. Rc2 Rg1+ 57. Kf3 Rh1 58. Kg4 Rg1+ 59. Kf3
Rh1 60. Rc7+ Kg8 61. Rxb7 Rxh5 62. Ke4 Rh4 63. b5 e5 64. b6 Rxf4+ 65. Kd5 Rb4
66. Kc5 Rb1 67. Rc7 e4 68. b7 e3 69. Rc8+ 1-0